Mohott jibonor sandhanot (Record no. 8428)

MARC details
000 -LEADER
fixed length control field 00534cam a2200205ua 4500
001 - CONTROL NUMBER
control field 9378
005 - DATE AND TIME OF LATEST TRANSACTION
control field 20260515114447.0
008 - FIXED-LENGTH DATA ELEMENTS--GENERAL INFORMATION
fixed length control field 150819n ii |||gr||||Z||||||asm
040 ## - CATALOGING SOURCE
Transcribing agency MAIN
041 ## - LANGUAGE CODE
Language code of text/sound track or separate title asm
082 ## - DEWEY DECIMAL CLASSIFICATION NUMBER
Classification number 920
100 ## - MAIN ENTRY--PERSONAL NAME
Personal name Buragohain, Nirupoma,
Relator term Author.
245 1# - TITLE STATEMENT
Title Mohott jibonor sandhanot
Statement of responsibility, etc. by Nirupoma Buragohain
250 ## - EDITION STATEMENT
Edition statement 2nd ed.
260 ## - PUBLICATION, DISTRIBUTION, ETC.
Place of publication, distribution, etc. Jorhat:
Name of publisher, distributor, etc. Shubhrajyoti prakashan,
Date of publication, distribution, etc. 2006.
300 ## - PHYSICAL DESCRIPTION
Extent 96p.
653 ## - INDEX TERM--UNCONTROLLED
Uncontrolled term Biography, genealogy & insignia
653 ## - INDEX TERM--UNCONTROLLED
Uncontrolled term Biography of some greatmen
942 ## - ADDED ENTRY ELEMENTS (KOHA)
Koha item type Books
Holdings
Withdrawn status Lost status Damaged status Not for loan Home library Current library Shelving location Date acquired Total checkouts Full call number Barcode Date last seen Date last checked out Copy number Price effective from Koha item type
        Naharkatiya College Library Naharkatiya College Library General stacks 09/19/2020 1 920 | BUR 16853 10/09/2025 09/27/2025 1 09/19/2020 Books